European Countries NOT Beginning With... - Statistics

General Stats
  • This quiz has been taken 120 times
  • The average score is 7 of 7
Answer Stats
LETTERS % Correct
J
100%
O
100%
X
100%
Y
100%
Z
100%
Q
98%
W
93%
No matching quizzes found
Score Distribution
Percent of People with Each Score
Percentile by Number Answered
Your Score History
You have not taken this quiz